Corporate laws and secretarial practice (Record no. 226678)
[ view plain ]
| 000 -LEADER | |
|---|---|
| fixed length control field | 00686nam a22002417a 4500 |
| 005 - DATE AND TIME OF LATEST TRANSACTION | |
| control field | 20230213092732.0 |
| 008 - FIXED-LENGTH DATA ELEMENTS--GENERAL INFORMATION | |
| fixed length control field | 230213b ||||| |||| 00| 0 eng d |
| 020 ## - INTERNATIONAL STANDARD BOOK NUMBER | |
| International Standard Book Number | 8170149940 |
| 040 ## - CATALOGING SOURCE | |
| Transcribing agency | AL |
| 041 ## - LANGUAGE CODE | |
| Language code of text/sound track or separate title | eng |
| 082 ## - DEWEY DECIMAL CLASSIFICATION NUMBER | |
| Edition number | 23 |
| Classification number | 346.066 |
| Item number | KAPC |
| 100 ## - MAIN ENTRY--PERSONAL NAME | |
| Personal name | Kapoor G K |
| 100 ## - MAIN ENTRY--PERSONAL NAME | |
| 9 (RLIN) | 72042 |
| 245 ## - TITLE STATEMENT | |
| Title | Corporate laws and secretarial practice |
| 260 ## - PUBLICATION, DISTRIBUTION, ETC. | |
| Place of publication, distribution, etc. | New Delhi |
| Name of publisher, distributor, etc. | Sultan Chand & Sons |
| Date of publication, distribution, etc. | 2002 |
| 300 ## - PHYSICAL DESCRIPTION | |
| Extent | viii,654p. |
| Other physical details | PB |
| Dimensions | 23x15cm. |
| 365 ## - TRADE PRICE | |
| Source of price type code | Law |
| Price amount | 150.00 |
| Currency code | ₹ |
| Unit of pricing | 150.00 |
| 650 ## - SUBJECT ADDED ENTRY--TOPICAL TERM | |
| Topical term or geographic name entry element | Company Management |
| 9 (RLIN) | 72043 |
| 650 ## - SUBJECT ADDED ENTRY--TOPICAL TERM | |
| Topical term or geographic name entry element | Board Meetings |
| 9 (RLIN) | 72044 |
| 650 ## - SUBJECT ADDED ENTRY--TOPICAL TERM | |
| Topical term or geographic name entry element | Company Meetings |
| 9 (RLIN) | 72045 |
| 650 ## - SUBJECT ADDED ENTRY--TOPICAL TERM | |
| Topical term or geographic name entry element | Accounts and Audit |
| 9 (RLIN) | 72046 |
| 700 ## - ADDED ENTRY--PERSONAL NAME | |
| Personal name | KAPOOR (G K) |
| 9 (RLIN) | 72047 |
| 942 ## - ADDED ENTRY ELEMENTS (KOHA) | |
| Source of classification or shelving scheme | Dewey Decimal Classification |
| Koha item type | Donated Books |
| Withdrawn status | Lost status | Source of classification or shelving scheme | Damaged status | Not for loan | Collection code | Home library | Current library | Date acquired | Total Checkouts | Full call number | Barcode | Date last seen | Price effective from | Koha item type |
|---|---|---|---|---|---|---|---|---|---|---|---|---|---|---|
| Dewey Decimal Classification | Others | St Aloysius Library | St Aloysius Library | 11/25/2014 | 346.066 KAPC | D05230 | 02/13/2023 | 02/13/2023 | Donated Books |